Normal view
MARC view
- PH.D.REYNOLDS,K.DAVID
Entry Personal Name
001 - CONTROL NUMBER
- control field: 133570
003 - CONTROL NUMBER IDENTIFIER
- control field: NUST
005 - DATE AND TIME OF LATEST TRANSACTION
- control field: 20260305104908.0
008 - FIXED-LENGTH DATA ELEMENTS
- fixed length control field: 260305|| aca||aabn | a|a d
040 ## - CATALOGING SOURCE
- Original cataloging agency: NUST
- Transcribing agency: NUST
100 ## - HEADING--PERSONAL NAME
- Personal name: PH.D.REYNOLDS,K.DAVID
670 ## - SOURCE DATA FOUND
- Source citation: Work cat.: (NUST): PH.D.REYNOLDS,K.DAVID., WATER BEARS NO SCARS JAPANESE LIFEWAYS FOR PERSONAL GROWTH /, 1987.
